[Event "FIDE WY-U16 Olympiad 2022"]
[Site "Nakhchivan"]
[Date "2022.10.10"]
[Round "9.10"]
[White "Karsten, Jan"]
[Black "Manon, Reja Neer"]
[Result "1/2-1/2"]
[WhiteElo "1985"]
[BlackElo "2107"]
[Annotator "TA"]
[PlyCount "110"]
[EventDate "2022.10.02"]
[EventType "team-tourn"]
[EventCountry "AZE"]
[SourceTitle "playchess.com"]
[Source "ChessBase"]
[SourceQuality "1"]
[WhiteTeam "South Africa"]
[BlackTeam "Bangladesh"]
[WhiteTeamCountry "RSA"]
[BlackTeamCountry "BAN"]

1. e4 c6 2. d4 d5 3. e5 Bf5 4. h4 h5 5. Bd3 Bxd3 6. Qxd3 e6 7. Bg5 Qc7 8. Nd2 Nd7 9. Ne2 Ne7 10. O-O f6 11. Nf4 fxg5 12. Nxe6 Qc8 13. Nxg5 g6 14. e6 Nf6 15. Nf7 Qxe6 16. Nxh8 Qg8 17. Rae1 Qxh8 18. Qxg6+ Kd7 19. Qf7 Re8 20. Re6 Ng4 21. Nb3 b6 22. Rxc6 Qg8 23. Rd6+ Kxd6 24. Qxe8 Bh6 25. Qxg8 Nxg8 26. Re1 N8f6 27. f3 Ne3 28. c3 Nf5 29. Kf2 Bf4 30. Ra1 Bg3+ 31. Kg1 Bxh4 32. Nd2 Bg5 33. Nf1 h4 34. a4 Bf4 35. Re1 Kd7 36. Re2 Ne8 37. Kf2 Ned6 38. Ke1 Nc4 39. Kd1 Ng7 40. b3 Na5 41. Kc2 Nf5 42. Re1 Nc6 43. Kd3 a6 44. Nd2 Na5 45. b4 Nb7 46. Nb3 Bd6 47. c4 Bxb4 48. Re5 dxc4+ 49. Kxc4 a5 50. Kd3 Nbd6 51. Nc5+ bxc5 52. dxc5 Nb7 53. Rxf5 Nxc5+ 54. Kc2 Ne6 55. Rh5 Be1 1/2-1/2

[Event "FIDE WY-U16 Olympiad 2022"]
[Site "Nakhchivan"]
[Date "2022.10.10"]
[Round "9.11"]
[White "Suleymanli, Suleyman"]
[Black "Yavuz, Efe Metehan"]
[Result "0-1"]
[WhiteElo "2304"]
[BlackElo "2223"]
[Annotator "TA"]
[PlyCount "124"]
[EventDate "2022.10.02"]
[EventType "team-tourn"]
[EventCountry "AZE"]
[SourceTitle "playchess.com"]
[Source "ChessBase"]
[SourceQuality "1"]
[WhiteTeam "Azerbaijan"]
[BlackTeam "Turkey"]
[WhiteTeamCountry "AZE"]
[BlackTeamCountry "TUR"]

1. Nf3 d5 2. g3 g6 3. Bg2 Bg7 4. d4 c6 5. O-O Nf6 6. c4 dxc4 7. a4 Ne4 8. Qc2 Nd6 9. e4 O-O 10. Na3 Na6 11. Nxc4 Nxc4 12. Qxc4 Be6 13. Qe2 Bg4 14. Rd1 Bxf3 15. Bxf3 Bxd4 16. Bg5 Qd6 17. Rac1 e5 18. Bh6 Rfd8 19. Rc4 Nc7 20. Bg5 Re8 21. Bg4 Ne6 22. Be3 c5 23. b4 b6 24. b5 a6 25. bxa6 Nc7 26. f4 Nxa6 27. Kg2 Qe7 28. Bxd4 exd4 29. Bf3 Nb4 30. Ra1 b5 31. Rcc1 d3 32. Qf2 Nc2 33. Rxc2 dxc2 34. Qxc2 Red8 35. Ra2 Rxa4 36. Rxa4 bxa4 37. Qxa4 Rd2+ 38. Kf1 Qb7 39. Be2 Rd8 40. Qc4 Qb1+ 41. Kf2 Qb4 42. Kf3 Qxc4 43. Bxc4 Rd2 44. Be2 Rb2 45. e5 Kg7 46. Ke3 f6 47. exf6+ Kxf6 48. Kf3 Ke7 49. Ke3 Kd6 50. h4 Rb3+ 51. Kf2 Kd5 52. h5 Ke4 53. Bc4 Rb2+ 54. Ke1 Ke3 55. Kf1 Kf3 56. Ke1 Kxg3 57. hxg6 hxg6 58. Bd3 Rb6 59. f5 g5 60. Kd2 Kf4 61. Kc3 Rf6 62. Kc4 Rxf5 0-1

[Event "FIDE WY-U16 Olympiad 2022"]
[Site "Nakhchivan"]
[Date "2022.10.10"]
[Round "9.11"]
[White "Sakline Mostafa, Sajid"]
[Black "Badenhorst, Chloe"]
[Result "1-0"]
[WhiteElo "2001"]
[BlackElo "1687"]
[Annotator "COMBH RC"]
[PlyCount "69"]
[EventDate "2022.10.02"]
[EventType "team-tourn"]
[EventCountry "AZE"]
[SourceTitle "playchess.com"]
[Source "ChessBase"]
[SourceQuality "1"]
[WhiteTeam "Bangladesh"]
[BlackTeam "South Africa"]
[WhiteTeamCountry "BAN"]
[BlackTeamCountry "RSA"]

1. d4 Nf6 2. c4 g6 3. g3 Bg7 4. Bg2 d5 5. cxd5 Nxd5 6. e4 Nb6 7. Ne2 c5 8. d5 e6 9. Nbc3 O-O 10. O-O exd5 11. exd5 Na6 12. h3 c4 13. Be3 Nb4 14. Bc5 Nd3 15. Bxf8 Qxf8 16. Rb1 Bf5 17. g4 Bd7 18. b3 Nc5 19. Qd2 h5 20. gxh5 Bf5 21. hxg6 Bxg6 22. Rbd1 cxb3 23. axb3 Nxb3 24. Qg5 Re8 25. Qg3 Nc5 26. Nf4 Qd6 27. Nb5 Qf6 28. Nxg6 fxg6 29. Nxa7 Re5 30. Rd4 Nbd7 31. Rg4 Nf8 32. Nb5 Qb6 33. Nd4 Ncd7 34. Ne6 Rf5 35. Be4 1-0

[Event "FIDE WY-U16 Olympiad 2022"]
[Site "Nakhchivan"]
[Date "2022.10.10"]
[Round "9.12"]
[White "Baloglu, Dila"]
[Black "Abdinova, Narmin"]
[Result "0-1"]
[WhiteElo "1752"]
[BlackElo "1810"]
[Annotator "NA RC COMBH"]
[PlyCount "74"]
[EventDate "2022.10.02"]
[EventType "team-tourn"]
[EventCountry "AZE"]
[SourceTitle "playchess.com"]
[Source "ChessBase"]
[SourceQuality "1"]
[WhiteTeam "Turkey"]
[BlackTeam "Azerbaijan"]
[WhiteTeamCountry "TUR"]
[BlackTeamCountry "AZE"]

1. e4 e5 2. Nf3 Nc6 3. Nc3 Nf6 4. a3 Be7 5. d4 exd4 6. Nxd4 O-O 7. Nxc6 bxc6 8. e5 Ne8 9. f4 d5 10. Bd3 f6 11. O-O Bc5+ 12. Kh1 Qe7 13. b4 Bb6 14. Bb2 fxe5 15. fxe5 Rxf1+ 16. Qxf1 Be6 17. Ne2 g6 18. Nd4 c5 19. Nxe6 Qxe6 20. Qf3 Rd8 21. Rf1 Ng7 22. Qf4 c4 23. Be2 Nf5 24. Bg4 Rf8 25. Rd1 c6 26. Qg5 Kg7 27. Bf3 Ne3 28. Rd2 h6 29. Qh4 g5 30. Qe1 g4 31. Be2 Kh7 32. a4 a6 33. a5 Ba7 34. Qh4 Qf5 35. h3 Qf4 36. e6 Nf5 37. Qxg4 Ng3+ 0-1

[Event "FIDE WY-U16 Olympiad 2022"]
[Site "Nakhchivan"]
[Date "2022.10.10"]
[Round "9.12"]
[White "Potgieter, Edward"]
[Black "Sajidul, Haque"]
[Result "1-0"]
[WhiteElo "1567"]
[BlackElo "2010"]
[Annotator "TA"]
[PlyCount "93"]
[EventDate "2022.10.02"]
[EventType "team-tourn"]
[EventCountry "AZE"]
[SourceTitle "playchess.com"]
[Source "ChessBase"]
[SourceQuality "1"]
[WhiteTeam "South Africa"]
[BlackTeam "Bangladesh"]
[WhiteTeamCountry "RSA"]
[BlackTeamCountry "BAN"]

1. e4 c6 2. d4 d5 3. e5 Bf5 4. Ne2 e6 5. Ng3 Bg6 6. h4 h5 7. Be2 Be7 8. Bxh5 Bxh5 9. Nxh5 g6 10. Nf4 Rxh4 11. Rxh4 Bxh4 12. Nd2 Nd7 13. Nf3 Be7 14. Qd3 Qa5+ 15. Bd2 Qb5 16. Qxb5 cxb5 17. Ke2 Rc8 18. c3 Nb6 19. Rh1 Kf8 20. Nd3 a5 21. Rh7 Nc4 22. Bg5 Rc7 23. Bxe7+ Rxe7 24. b3 Nb6 25. Nf4 Na8 26. Nh4 Ke8 27. Rh8 Kf8 28. Nhxg6+ fxg6 29. Nxg6+ Kg7 30. Rxg8+ Kxg8 31. Nxe7+ Kf8 32. Nc8 Nc7 33. Nd6 b6 34. Nc8 Na8 35. Na7 Nc7 36. f4 Kg7 37. Nc8 Na8 38. a3 Kg6 39. g4 a4 40. b4 Nc7 41. Nxb6 Kh6 42. Nc8 Kg6 43. Nd6 Kh6 44. f5 Kg5 45. f6 Kh6 46. f7 Kg7 47. Ne8+ 1-0

[Event "FIDE WY-U16 Olympiad 2022"]
[Site "Nakhchivan"]
[Date "2022.10.10"]
[Round "9.13"]
[White "Sapenov, Daniyal"]
[Black "Nemsadze, Daviti"]
[Result "1-0"]
[WhiteElo "2323"]
[BlackElo "2012"]
[Annotator "TA"]
[PlyCount "107"]
[EventDate "2022.10.02"]
[EventType "team-tourn"]
[EventCountry "AZE"]
[SourceTitle "playchess.com"]
[Source "ChessBase"]
[SourceQuality "1"]
[WhiteTeam "Kazakhstan"]
[BlackTeam "Georgia"]
[WhiteTeamCountry "KAZ"]
[BlackTeamCountry "GEO"]

1. d4 Nf6 2. Nf3 e6 3. c4 Bb4+ 4. Bd2 c5 5. Bxb4 cxb4 6. e3 b6 7. Bd3 Bb7 8. Nbd2 O-O 9. O-O d6 10. Qc2 Qe7 11. Rad1 Nbd7 12. h3 e5 13. dxe5 dxe5 14. Ne4 h6 15. Nfd2 Rad8 16. Nxf6+ Qxf6 17. Be4 Nc5 18. Bxb7 Nxb7 19. Qa4 a5 20. Nb3 Rc8 21. Qd7 Qc6 22. Nc1 a4 23. Qe7 b5 24. Nd3 Rfe8 25. cxb5 Qxb5 26. Qxb4 Qxb4 27. Nxb4 Na5 28. Rd2 Rc4 29. a3 Nc6 30. Nd5 Rb8 31. Nc3 g6 32. Rfd1 Kg7 33. Kf1 e4 34. Rc2 Rb7 35. Rdd2 f5 36. Nxa4 Rxc2 37. Rxc2 Ne5 38. Nc5 Ra7 39. Ke2 Kf6 40. Rc3 Ke7 41. Kd2 Kd6 42. Kc2 Rc7 43. b4 Kd5 44. Kb3 g5 45. Nxe4 Ra7 46. Nc5 g4 47. a4 gxh3 48. gxh3 Nc6 49. Nd3 Rb7 50. Nf4+ Kd6 51. b5 Ne5 52. Kb4 Nd7 53. a5 Nb8 54. Ka4 1-0

[Event "FIDE WY-U16 Olympiad 2022"]
[Site "Nakhchivan"]
[Date "2022.10.10"]
[Round "9.13"]
[White "Davudov, Tunar"]
[Black "Wiratunga, Jenith"]
[Result "1-0"]
[WhiteElo "2043"]
[BlackElo "1824"]
[Annotator "TA"]
[PlyCount "65"]
[EventDate "2022.10.02"]
[EventType "team-tourn"]
[EventCountry "AZE"]
[SourceTitle "playchess.com"]
[Source "ChessBase"]
[SourceQuality "1"]
[WhiteTeam "Azerbaijan"]
[BlackTeam "Sri Lanka"]
[WhiteTeamCountry "AZE"]
[BlackTeamCountry "SRI"]

1. e4 c6 2. d4 d5 3. e5 Bf5 4. h4 h5 5. c4 e6 6. Nc3 dxc4 7. Bxc4 Nd7 8. Nf3 Nb6 9. Be2 Ne7 10. Ng5 Bg6 11. Bf3 Ned5 12. O-O Qd7 13. a4 a5 14. Be4 Bxe4 15. Ncxe4 Nb4 16. Ra3 f5 17. exf6 O-O-O 18. fxg7 Bxg7 19. Nc5 Qe7 20. Ncxe6 Rd6 21. Qf3 Bf6 22. Re3 Bxg5 23. Nxg5 Qd7 24. Nf7 Rf8 25. Nxd6+ Qxd6 26. Qxh5 N4d5 27. Re8+ Kc7 28. Rxf8 Qxf8 29. Qh7+ Kb8 30. h5 Nf6 31. Qg6 Nbd5 32. h6 Ne7 33. Qg7 1-0

[Event "FIDE WY-U16 Olympiad 2022"]
[Site "Nakhchivan"]
[Date "2022.10.10"]
[Round "9.14"]
[White "Kiriella, K G T S D"]
[Black "Israilov, Agil"]
[Result "0-1"]
[WhiteElo "1907"]
[BlackElo "1883"]
[Annotator "TA"]
[PlyCount "54"]
[EventDate "2022.10.02"]
[EventType "team-tourn"]
[EventCountry "AZE"]
[SourceTitle "playchess.com"]
[Source "ChessBase"]
[SourceQuality "1"]
[WhiteTeam "Sri Lanka"]
[BlackTeam "Azerbaijan"]
[WhiteTeamCountry "SRI"]
[BlackTeamCountry "AZE"]

1. e4 c5 2. Nf3 e6 3. Nc3 a6 4. g3 d6 5. Bg2 Nf6 6. O-O Be7 7. d4 cxd4 8. Nxd4 O-O 9. a4 Qc7 10. h3 Nc6 11. g4 Bd7 12. Kh1 d5 13. exd5 Nxd5 14. Nxd5 exd5 15. Bxd5 Rad8 16. c4 Nb4 17. Qf3 Nxd5 18. cxd5 Qe5 19. Be3 f5 20. gxf5 Bxf5 21. Nxf5 Rxf5 22. Qg2 Rh5 23. Rad1 Qf5 24. Kh2 Rd6 25. f4 Rg6 26. Qf3 Rgh6 27. Kg2 Rxh3 0-1

[Event "FIDE WY-U16 Olympiad 2022"]
[Site "Nakhchivan"]
[Date "2022.10.10"]
[Round "9.14"]
[White "Kirtadze, Anastasia"]
[Black "Kairbekova, Amina"]
[Result "1/2-1/2"]
[WhiteElo "1814"]
[BlackElo "2231"]
[Annotator "TA"]
[PlyCount "154"]
[EventDate "2022.10.02"]
[EventType "team-tourn"]
[EventCountry "AZE"]
[SourceTitle "playchess.com"]
[Source "ChessBase"]
[SourceQuality "1"]
[WhiteTeam "Georgia"]
[BlackTeam "Kazakhstan"]
[WhiteTeamCountry "GEO"]
[BlackTeamCountry "KAZ"]

1. e4 e5 2. Nf3 Nc6 3. Bb5 a6 4. Ba4 Nf6 5. O-O b5 6. Bb3 Bc5 7. c3 d6 8. d4 Bb6 9. a4 Rb8 10. h3 O-O 11. Re1 h6 12. axb5 axb5 13. Na3 b4 14. Nc4 bxc3 15. bxc3 exd4 16. Nxb6 Rxb6 17. Nxd4 Nxd4 18. cxd4 Bb7 19. f3 d5 20. e5 Nh5 21. Bc2 Qh4 22. Be3 Bc8 23. Bf2 Qe7 24. Qd2 g5 25. Qd3 Rg6 26. Qb5 Rg7 27. Qxd5 Nf4 28. Qe4 Be6 29. Bg3 Bd5 30. Qe3 Qd7 31. Kh2 Nh5 32. Ra6 c6 33. Bf2 Nf4 34. Be4 h5 35. Bg3 Ne6 36. Bf2 Nf4 37. Bxd5 Nxd5 38. Qc1 Rc8 39. Be3 g4 40. f4 Rg6 41. Ra2 Kh8 42. Rf1 Qf5 43. h4 g3+ 44. Kg1 Rg4 45. Rf3 Nxe3 46. Rxe3 Qxf4 47. Qe1 Rb8 48. Ra1 Qxd4 49. Qc3 Qxc3 50. Rxc3 Re8 51. Re1 Re6 52. Rf3 Rxh4 53. Rxf7 Rd4 54. Ra1 Kg8 55. Rc7 Rd8 56. Rc1 h4 57. Kh1 Rxe5 58. R7xc6 Red5 59. Rf1 Rd1 60. Rg6+ Kh7 61. Rgf6 Rxf1+ 62. Rxf1 Kg6 63. Kg1 Kg5 64. Kh1 Kg4 65. Kg1 Rd4 66. Kh1 Rd2 67. Kg1 Ra2 68. Kh1 Kg5 69. Kg1 Rb2 70. Re1 Kf4 71. Ra1 Ke3 72. Kh1 Rc2 73. Kg1 Ke2 74. Rf1 Rd2 75. Rb1 Kd3 76. Rf1 Rb2 77. Re1 Kd2 1/2-1/2

[Event "FIDE WY-U16 Olympiad 2022"]
[Site "Nakhchivan"]
[Date "2022.10.10"]
[Round "9.15"]
[White "Akhilbay, Imangali"]
[Black "Safarov, Deniel"]
[Result "1-0"]
[WhiteElo "2098"]
[BlackElo "2032"]
[Annotator "TA"]
[PlyCount "101"]
[EventDate "2022.10.02"]
[EventType "team-tourn"]
[EventCountry "AZE"]
[SourceTitle "playchess.com"]
[Source "ChessBase"]
[SourceQuality "1"]
[WhiteTeam "Kazakhstan"]
[BlackTeam "Georgia"]
[WhiteTeamCountry "KAZ"]
[BlackTeamCountry "GEO"]

1. d4 Nf6 2. Bf4 g6 3. Nc3 d5 4. e3 Bg7 5. h4 h5 6. Nf3 a6 7. Ne5 b6 8. Bd3 Bb7 9. Qf3 c5 10. Qg3 O-O 11. f3 Nc6 12. Rd1 Nd7 13. Nxd7 Qxd7 14. Na4 c4 15. Nxb6 Qe6 16. Be2 Nxd4 17. Nxa8 Nxc2+ 18. Kf2 Bxa8 19. Rd2 Nb4 20. a3 Nc6 21. Rc1 Na5 22. Bd1 Qf6 23. Bc7 Nc6 24. Qg5 Rc8 25. Bg3 Qxg5 26. hxg5 e6 27. Ba4 Ne5 28. f4 Ng4+ 29. Ke2 Kf8 30. Bd7 Rd8 31. Ba4 Ke7 32. e4 Rh8 33. e5 Rb8 34. Be1 Kf8 35. Rdc2 Kg8 36. Bb4 Rd8 37. Be7 Rb8 38. g3 Bf8 39. Bxf8 Kxf8 40. b3 Rd8 41. bxc4 d4 42. Rd2 Be4 43. Bc2 Bc6 44. Rb1 Ne3 45. Bd3 h4 46. Rb6 Bh1 47. gxh4 Kg7 48. Rd6 Rh8 49. Rxd4 Ng2 50. f5 gxf5 51. Rd1 1-0

[Event "FIDE WY-U16 Olympiad 2022"]
[Site "Nakhchivan"]
[Date "2022.10.10"]
[Round "9.15"]
[White "Abdulkarimli, Eljan"]
[Black "Nabil Nazar, Mohamed"]
[Result "1-0"]
[WhiteElo "1742"]
[BlackElo "1987"]
[Annotator "TA"]
[PlyCount "97"]
[EventDate "2022.10.02"]
[EventType "team-tourn"]
[EventCountry "AZE"]
[SourceTitle "playchess.com"]
[Source "ChessBase"]
[SourceQuality "1"]
[WhiteTeam "Azerbaijan"]
[BlackTeam "Sri Lanka"]
[WhiteTeamCountry "AZE"]
[BlackTeamCountry "SRI"]

1. e4 c5 2. Nf3 e6 3. d4 cxd4 4. Nxd4 Nf6 5. Nc3 Nc6 6. Ndb5 Bb4 7. a3 Bxc3+ 8. Nxc3 d5 9. exd5 exd5 10. Bd3 O-O 11. O-O d4 12. Ne2 Bg4 13. h3 Bh5 14. f4 Bxe2 15. Qxe2 Re8 16. Qf3 Qb6 17. b4 Rad8 18. Bb2 Re3 19. Qf2 Rde8 20. Rad1 a6 21. Qh4 h6 22. Bc1 R3e7 23. f5 Re3 24. Kh1 Qc7 25. Bxe3 dxe3 26. Rde1 Re5 27. Rf3 Qe7 28. Qg3 Nh5 29. Qg4 Nf6 30. Qg3 e2 31. Qf2 Qd6 32. Re3 Nd4 33. Qg3 Nd7 34. Rxe5 Nxe5 35. Bxe2 Nxf5 36. Qf4 Nd4 37. Bd3 f6 38. Qe4 b5 39. Qa8+ Kf7 40. Qb7+ Kf8 41. Qc8+ Kf7 42. Qb7+ Kg8 43. Qc8+ Kf7 44. Bh7 Qf8 45. Qb7+ Qe7 46. Qa8 Qf8 47. Qa7+ Qe7 48. Qxd4 g6 49. Qd5+ 1-0

[Event "FIDE WY-U16 Olympiad 2022"]
[Site "Nakhchivan"]
[Date "2022.10.10"]
[Round "9.16"]
[White "kiladze, Luka"]
[Black "Nurgaliyev, Sauat"]
[Result "0-1"]
[WhiteElo "1894"]
[BlackElo "2079"]
[Annotator "TA"]
[PlyCount "120"]
[EventDate "2022.10.02"]
[EventType "team-tourn"]
[EventCountry "AZE"]
[SourceTitle "playchess.com"]
[Source "ChessBase"]
[SourceQuality "1"]
[WhiteTeam "Georgia"]
[BlackTeam "Kazakhstan"]
[WhiteTeamCountry "GEO"]
[BlackTeamCountry "KAZ"]

1. Nf3 Nf6 2. c4 g6 3. Nc3 d5 4. cxd5 Nxd5 5. Qb3 Nb6 6. d4 Bg7 7. Bf4 Be6 8. Qa3 Nc6 9. e3 Nd5 10. Bg3 O-O 11. Be2 Ncb4 12. Rc1 c5 13. e4 Nxc3 14. bxc3 Nxa2 15. Rd1 cxd4 16. cxd4 Rc8 17. d5 Nc3 18. dxe6 Nxd1 19. exf7+ Rxf7 20. Bxd1 Rc3 21. Qa2 Rc1 22. Qd5 Qxd5 23. exd5 Rf8 24. O-O Rfc8 25. Bb3 Rxf1+ 26. Kxf1 Rc3 27. Ba4 a6 28. Bd7 h6 29. Nh4 Bf6 30. Nxg6 b5 31. Be6+ Kg7 32. Nf4 Kf8 33. Ke2 Bd4 34. Kd2 Ra3 35. Ng6+ Ke8 36. Bh4 Bc5 37. g4 b4 38. Ne5 Ra2+ 39. Kd3 Bxf2 40. Bxf2 Rxf2 41. Kc4 Rf4+ 42. Kb3 a5 43. h4 Re4 44. Nc4 a4+ 45. Kxb4 a3 46. Kxa3 Rxc4 47. Kb3 Rf4 48. Kc3 Kf8 49. Kd3 Kg7 50. Ke3 Rb4 51. Kf3 Kf6 52. Kg3 Rb1 53. Kf4 Rg1 54. Kf3 Rh1 55. Kg3 Ke5 56. Bf7 Rg1+ 57. Kh3 Kf4 58. g5 hxg5 59. h5 Kf3 60. Kh2 Rg2+ 0-1

[Event "FIDE WY-U16 Olympiad 2022"]
[Site "Nakhchivan"]
[Date "2022.10.10"]
[Round "9.17"]
[White "Omonov, Asrorjon"]
[Black "Azadaliyev, Jahandar"]
[Result "1-0"]
[WhiteElo "2064"]
[BlackElo "2304"]
[Annotator "TA"]
[PlyCount "83"]
[EventDate "2022.10.02"]
[EventType "team-tourn"]
[EventCountry "AZE"]
[SourceTitle "playchess.com"]
[Source "ChessBase"]
[SourceQuality "1"]
[WhiteTeam "Uzbekistan"]
[BlackTeam "Azerbaijan"]
[WhiteTeamCountry "UZB"]
[BlackTeamCountry "AZE"]

1. d4 Nf6 2. Nf3 d5 3. Bf4 e6 4. e3 c5 5. c3 Bd6 6. Bg3 Qc7 7. Bxd6 Qxd6 8. Ne5 Nc6 9. f4 Ne4 10. Bd3 O-O 11. O-O b6 12. Nd2 f5 13. Ndf3 cxd4 14. Nxc6 Qxc6 15. cxd4 Bd7 16. Ne5 Qd6 17. Bxe4 fxe4 18. Qd2 Rf6 19. a3 Rc8 20. Rfc1 Rff8 21. Rxc8 Rxc8 22. Rc1 Rc7 23. Rc3 a5 24. Qc1 Rxc3 25. Qxc3 Kf8 26. Kf2 Ke7 27. g4 h6 28. h4 Ke8 29. Kg3 Qb8 30. h5 Qd8 31. b3 Qb8 32. b4 Qb7 33. g5 a4 34. Qc1 Kd8 35. gxh6 gxh6 36. Qh1 Be8 37. Qh4+ Qe7 38. Ng4 Kd7 39. Qxe7+ Kxe7 40. Kh4 Kd6 41. Nxh6 Kc6 42. Ng4 1-0

[Event "FIDE WY-U16 Olympiad 2022"]
[Site "Nakhchivan"]
[Date "2022.10.10"]
[Round "9.17"]
[White "Southcott-Moyers, Indy"]
[Black "Ismayilova, Khanim"]
[Result "1/2-1/2"]
[WhiteElo "1952"]
[BlackElo "1848"]
[Annotator "TA"]
[PlyCount "42"]
[EventDate "2022.10.02"]
[EventType "team-tourn"]
[EventCountry "AZE"]
[SourceTitle "playchess.com"]
[Source "ChessBase"]
[SourceQuality "1"]
[WhiteTeam "England"]
[BlackTeam "Azerbaijan"]
[WhiteTeamCountry "ENG"]
[BlackTeamCountry "AZE"]

1. d4 d5 2. c4 e6 3. Nc3 Nf6 4. Bg5 Be7 5. e3 O-O 6. Nf3 Nbd7 7. Be2 dxc4 8. Bxc4 a6 9. O-O b5 10. Be2 Bb7 11. Rc1 c5 12. dxc5 Nxc5 13. b4 Nce4 14. Qxd8 Rfxd8 15. Nxe4 Bxe4 16. a3 Bd3 17. Nd4 Rxd4 18. exd4 Bxe2 19. Rfe1 Bc4 20. f4 Kf8 21. h3 a5 1/2-1/2

[Event "FIDE WY-U16 Olympiad 2022"]
[Site "Nakhchivan"]
[Date "2022.10.10"]
[Round "9.18"]
[White "Ahmad, Khagan"]
[Black "Khamdamova, Afruza"]
[Result "1-0"]
[WhiteElo "2150"]
[BlackElo "2118"]
[Annotator "TA"]
[PlyCount "57"]
[EventDate "2022.10.02"]
[EventType "team-tourn"]
[EventCountry "AZE"]
[SourceTitle "playchess.com"]
[Source "ChessBase"]
[SourceQuality "1"]
[WhiteTeam "Azerbaijan"]
[BlackTeam "Uzbekistan"]
[WhiteTeamCountry "AZE"]
[BlackTeamCountry "UZB"]

1. e4 e5 2. Nf3 Nf6 3. Nxe5 d6 4. Nf3 Nxe4 5. d4 d5 6. Bd3 Be7 7. O-O Nc6 8. c4 Nf6 9. Nc3 O-O 10. cxd5 Nb4 11. Bg5 Nbxd5 12. Re1 Be6 13. Nxd5 Bxd5 14. Bc2 h6 15. Bh4 Bxf3 16. Qxf3 Qxd4 17. Rxe7 Qxh4 18. Rxc7 Rad8 19. g3 Qg5 20. Rxb7 Rd2 21. Bb3 Nd7 22. h4 Qc5 23. Re1 Qd4 24. Qf5 Nf6 25. Rxf7 Rxf7 26. Re8+ Nxe8 27. Qxf7+ Kh7 28. Qg8+ Kg6 29. Qxe8+ 1-0

[Event "FIDE WY-U16 Olympiad 2022"]
[Site "Nakhchivan"]
[Date "2022.10.10"]
[Round "9.18"]
[White "Huseynli, Ayan"]
[Black "Pal, Rohan"]
[Result "1/2-1/2"]
[WhiteElo "1492"]
[BlackElo "1871"]
[Annotator "NA RC COMBH"]
[PlyCount "94"]
[EventDate "2022.10.02"]
[EventType "team-tourn"]
[EventCountry "AZE"]
[SourceTitle "playchess.com"]
[Source "ChessBase"]
[SourceQuality "1"]
[WhiteTeam "Azerbaijan"]
[BlackTeam "England"]
[WhiteTeamCountry "AZE"]
[BlackTeamCountry "ENG"]

1. d4 Nf6 2. e3 g6 3. Bd3 Bg7 4. f4 O-O 5. Nf3 d6 6. e4 c5 7. dxc5 Qa5+ 8. c3 Qxc5 9. Qe2 a6 10. Be3 Qc7 11. O-O Ng4 12. Bc1 Nd7 13. h3 Ngf6 14. Be3 Nc5 15. Bxc5 Qxc5+ 16. Qf2 Nd7 17. Nbd2 Bh6 18. Nd4 e5 19. N2b3 Qa7 20. Ne2 Qxf2+ 21. Rxf2 exf4 22. Nxf4 Ne5 23. Rd1 b5 24. Na5 Be6 25. Bb1 Rad8 26. Nxe6 fxe6 27. Rxf8+ Rxf8 28. Re1 b4 29. cxb4 Bd2 30. Re2 Bxb4 31. Nb3 a5 32. a3 a4 33. axb4 axb3 34. Re3 Rc8 35. Bd3 Rc1+ 36. Kh2 Kf7 37. Bb5 Nc6 38. Bxc6 Rxc6 39. Rxb3 Kf6 40. b5 Rb6 41. Rb4 Ke5 42. Kg3 d5 43. exd5 Kxd5 44. Kf4 Kc5 45. Rb3 Kc4 46. Rc3+ Kd4 47. Rb3 Kc4 1/2-1/2

[Event "FIDE WY-U16 Olympiad 2022"]
[Site "Nakhchivan"]
[Date "2022.10.10"]
[Round "9.19"]
[White "Subramanian, Anusha"]
[Black "Bashirli, Saadat"]
[Result "0-1"]
[WhiteElo "1840"]
[BlackElo "1508"]
[Annotator "NA RC COMBH"]
[PlyCount "138"]
[EventDate "2022.10.02"]
[EventType "team-tourn"]
[EventCountry "AZE"]
[SourceTitle "playchess.com"]
[Source "ChessBase"]
[SourceQuality "1"]
[WhiteTeam "England"]
[BlackTeam "Azerbaijan"]
[WhiteTeamCountry "ENG"]
[BlackTeamCountry "AZE"]

1. e4 c5 2. c3 Nf6 3. e5 Nd5 4. d4 cxd4 5. cxd4 d6 6. Nf3 Nc6 7. Bc4 Nb6 8. Bb5 dxe5 9. Nxe5 Bd7 10. Bxc6 Bxc6 11. Nxc6 bxc6 12. Nc3 e6 13. O-O Bd6 14. Qg4 O-O 15. Bg5 Be7 16. Bxe7 Qxe7 17. Rfe1 Rfd8 18. a3 a5 19. Rad1 a4 20. Re3 Rab8 21. Qe2 Rd7 22. Re5 Rdb7 23. Rd2 Qc7 24. Rc2 Qd7 25. Ne4 Qxd4 26. Rec5 Qd8 27. Rxc6 Rd7 28. h3 h6 29. Nc5 Rd6 30. Rxd6 Qxd6 31. Ne4 Qd4 32. Rd2 Qe5 33. g3 Qf5 34. Kg2 Kh7 35. Nd6 Qf6 36. Qd3+ g6 37. Ne4 Qe5 38. f4 Qh8 39. Nc3 Qc8 40. Qc2 Nc4 41. Re2 Rxb2 42. Qc1 Qb7+ 43. Kh2 Rxe2+ 44. Nxe2 Qb3 45. Qc3 Nxa3 46. Qc7 e5 47. Qxe5 Nc2 48. f5 Qb7 49. Qe8 Ne1 50. Nf4 Nf3+ 51. Kh1 g5 52. Qxa4 gxf4 53. Qa2 fxg3 54. f6 Nh4+ 55. Kg1 Qb6+ 56. Kf1 g2+ 57. Ke2 Qe6+ 58. Qxe6 fxe6 59. Kf2 Kg6 60. Kg1 Kxf6 61. Kf2 e5 62. Kg1 Kf5 63. Kf2 Kf4 64. Kg1 e4 65. Kf2 e3+ 66. Kg1 e2 67. Kh2 g1=Q+ 68. Kxg1 e1=Q+ 69. Kh2 Qf2+ 0-1

[Event "FIDE WY-U16 Olympiad 2022"]
[Site "Nakhchivan"]
[Date "2022.10.10"]
[Round "9.19"]
[White "Abdukhakimov, Akbarali"]
[Black "Hajialiyev, Islam"]
[Result "1/2-1/2"]
[WhiteElo "1777"]
[BlackElo "1731"]
[Annotator "NA RC COMBH"]
[PlyCount "171"]
[EventDate "2022.10.02"]
[EventType "team-tourn"]
[EventCountry "AZE"]
[SourceTitle "playchess.com"]
[Source "ChessBase"]
[SourceQuality "1"]
[WhiteTeam "Uzbekistan"]
[WhiteTeamCountry "UZB"]

1. e4 e6 2. d4 d5 3. Nd2 dxe4 4. Nxe4 Bd7 5. Nf3 Bc6 6. Bd3 Nd7 7. O-O Ngf6 8. Ng3 Be7 9. Qe2 Bxf3 10. Qxf3 c6 11. c3 O-O 12. Ne4 Nxe4 13. Qxe4 Nf6 14. Qf3 Qd5 15. Qe2 Qh5 16. Qxh5 Nxh5 17. Re1 Bd6 18. g3 h6 19. Be3 Nf6 20. Rad1 Rad8 21. f4 Rfe8 22. Kg2 Re7 23. Kf3 Rde8 24. c4 a6 25. g4 g6 26. h4 h5 27. g5 Nh7 28. c5 Bc7 29. b4 Rd7 30. a4 Red8 31. Ke2 Kg7 32. Be4 f5 33. Bf3 Kf7 34. Rd2 Nf8 35. Rb1 e5 36. fxe5 Ne6 37. Rbd1 Ke7 38. d5 cxd5 39. Rxd5 Rxd5 40. Rxd5 Rb8 41. Kd3 Nd8 42. b5 axb5 43. axb5 Ra8 44. b6 Ra3+ 45. Ke2 Bb8 46. Rxd8 Kxd8 47. Bxb7 Bxe5 48. c6 Ra2+ 49. Kf3 Ra3 50. c7+ Bxc7 51. bxc7+ Kxc7 52. Bd5 Kd6 53. Bf7 Ke5 54. Kf2 f4 55. Bc1 Ra6 56. Kf3 Kf5 57. Bxf4 Ra3+ 58. Be3 Ra4 59. Bb3 Rxh4 60. Bc2+ Ke5 61. Bxg6 Rh3+ 62. Kf2 h4 63. Bb1 Rh2+ 64. Kf3 Rh3+ 65. Kf2 Rh2+ 66. Kf3 Rh3+ 67. Ke2 Rh2+ 68. Bf2 Rg2 69. g6 Kf6 70. Kf3 Rxg6 71. Bxh4+ Kg7 72. Be4 Rb6 73. Be1 Rb3+ 74. Kf4 Kf6 75. Bd5 Rh3 76. Bf2 Ke7 77. Bc5+ Kd7 78. Bg2 Rc3 79. Bb6 Kd6 80. Ke4 Rb3 81. Ba7 Ke6 82. Kd4 Kf5 83. Bc5 Kf6 84. Be4 Rh3 85. Bb7 Rh4+ 86. Ke3 1/2-1/2